On a grander scale : (Record no. 970)

000 -LEADER
fixed length control field 01473nam a22003977a 4500
001 - CONTROL NUMBER
control field 12902919
003 - CONTROL NUMBER IDENTIFIER
control field OSt
005 - DATE AND TIME OF LATEST TRANSACTION
control field 20210426112222.0
008 - FIXED-LENGTH DATA ELEMENTS--GENERAL INFORMATION
fixed length control field 020822s2002 nyua b 001 0beng
010 ## - LIBRARY OF CONGRESS CONTROL NUMBER
LC control number 2002031786
020 ## - INTERNATIONAL STANDARD BOOK NUMBER
International Standard Book Number 0060199741 (acidfree paper)
040 ## - CATALOGING SOURCE
Original cataloging agency DLC
Transcribing agency DLC
Modifying agency DLC
Language of cataloging eng
041 ## - LANGUAGE CODE
Language code of text/sound track or separate title eng
042 ## - AUTHENTICATION CODE
Authentication code pcc
043 ## - GEOGRAPHIC AREA CODE
Geographic area code e-uk-en
050 00 - LIBRARY OF CONGRESS CALL NUMBER
Classification number NA997.W8
Item number J37 2003
080 ## - UNIVERSAL DECIMAL CLASSIFICATION NUMBER
Universal Decimal Classification number 92
Item number J-25
082 00 - DEWEY DECIMAL CLASSIFICATION NUMBER
Classification number 720/.92
-- B
Edition number 21
100 1# - MAIN ENTRY--PERSONAL NAME
Personal name Jardine, Lisa.
245 10 - TITLE STATEMENT
Title On a grander scale :
Remainder of title the outstanding life of Sir Christopher Wren /
Statement of responsibility, etc. / by: HarperCollins Publishers
250 ## - EDITION STATEMENT
Edition statement 1st edition
260 ## - PUBLICATION, DISTRIBUTION, ETC.
Place of publication, distribution, etc. New York, NY :
Name of publisher, distributor, etc. HarperCollins Publishers
Date of publication, distribution, etc. c2002.
300 ## - PHYSICAL DESCRIPTION
Extent xviii, 600 p. :
Other physical details ill. (some col.) ;
Dimensions 24 cm.
365 ## - TRADE PRICE
Price amount 34.95 usd
504 ## - BIBLIOGRAPHY, ETC. NOTE
Bibliography, etc. note Includes bibliographical references (p. 565-582) and index.
600 10 - SUBJECT ADDED ENTRY--PERSONAL NAME
Personal name Wren, Christopher,
Titles and other words associated with a name Sir,
Dates associated with a name 1632-1723.
650 #0 - SUBJECT ADDED ENTRY--TOPICAL TERM
Topical term or geographic name entry element Architects
Geographic subdivision England
Form subdivision Biography.
650 #0 - SUBJECT ADDED ENTRY--TOPICAL TERM
Topical term or geographic name entry element Biography
9 (RLIN) 237
653 ## - INDEX TERM--UNCONTROLLED
Uncontrolled term ბიოგრაფია
653 ## - INDEX TERM--UNCONTROLLED
Uncontrolled term არქიტექტურა
856 41 - ELECTRONIC LOCATION AND ACCESS
Materials specified Table of contents
Uniform Resource Identifier <a href="http://www.loc.gov/catdir/toc/fy043/2002031786.html">http://www.loc.gov/catdir/toc/fy043/2002031786.html</a>
856 42 - ELECTRONIC LOCATION AND ACCESS
Materials specified Publisher description
Uniform Resource Identifier <a href="http://www.loc.gov/catdir/description/hc043/2002031786.html">http://www.loc.gov/catdir/description/hc043/2002031786.html</a>
906 ## - LOCAL DATA ELEMENT F, LDF (RLIN)
a 7
b cbc
c orignew
d 1
e ocip
f 20
g y-gencatlg
942 ## - ADDED ENTRY ELEMENTS (KOHA)
Source of classification or shelving scheme
Koha item type Books
Edition 1
Holdings
Withdrawn status Lost status Source of classification or shelving scheme Damaged status Not for loan Permanent location Current location Date acquired Inventory number Total Checkouts Full call number Barcode Date last seen Price effective from Koha item type
          Ken Walker International University Ken Walker International University 01/27/2021 2463   92 J-25 2463 01/27/2021 01/27/2021 Books

Powered by Koha